Propuesta un sistema de gestión integral en los procesos administrativos y operativos de la empresa constructora López Lovo, a partir del periodo del mes Enero del 2020 al mes de Septiembre 2021

El presente estudio tiene como propósito proponer un plan de mejora para los procesos productivos de la empresa constructora López, donde se determina la situación actual interna y externa de la empresa como organización, infraestructura, equipos, tecnología así como el personal, con los resu...

Full description

Bibliographic Details
Main Authors: López Obando, David Antonio, Vélez Briones, Kevin Francisco, Lacayo Zambrana, Andrés Paul
Other Authors: Tutor: Chavarría, Luis
Format: Tesis Section = Libro
Language:Undetermined
Spanish
Published: Managua UNI 2020
Subjects:
LEADER 01380nam a2200277Ia 4500
008 240830s9999 xx 000 0 und d
040 |a BIBLIOTECA-RUPAP Mon 658.542 L864 
041 |a spa 
082 |a Mon 658.542 L864 
100 1 |a López Obando, David Antonio 
100 1 |b  Vélez Briones, Kevin Francisco 
100 1 |c Lacayo Zambrana, Andrés Paul 
245 1 0 |a Propuesta un sistema de gestión integral en los procesos administrativos y operativos de la empresa constructora López Lovo, a partir del periodo del mes Enero del 2020 al mes de Septiembre 2021 
260 |a Managua  |b UNI  |c 2020 
300 |a 66 p. :il 
500 |a Contiene: anexos y CD 
502 |a Tesis (Ingeniero Industrial)- UNI, 2020. 
520 3 |a El presente estudio tiene como propósito proponer un plan de mejora para los procesos productivos de la empresa constructora López, donde se determina la situación actual interna y externa de la empresa como organización, infraestructura, equipos, tecnología así como el personal, con los resultados de ese estudio de la constructora se puede establecer un plan de mejora continua. 
650 7 |a  ESTUDIOS DE OPERACIONES 
650 7 |b PLANIFICACION DE LA PRODUCCION 
650 7 |c PROCESOS DE MANUFACTURA 
650 7 |d GESTION DE CALIDAD 
700 1 |a Tutor:  |b Chavarría, Luis 
942 |c BK  |2 ddc 
991 |a TESIS 
999 |c 17500